|
|
|
|
| LEADER |
01785nam a2200373 a 4500 |
| 001 |
33631 |
| 003 |
BD-DhAAL |
| 005 |
20211109102231.0 |
| 008 |
180801r20122010flua b 001 0 eng |
| 999 |
|
|
|c 39425
|d 39425
|
| 010 |
|
|
|a 2010001082
|
| 015 |
|
|
|a GBB009558
|2 bnb
|
| 016 |
7 |
|
|a 015473878
|2 Uk
|
| 020 |
|
|
|a 9781439816288 (alk. paper)
|
| 020 |
|
|
|a 143981628X (alk. paper)
|
| 035 |
|
|
|a (OCoLC)ocn318414782
|
| 040 |
|
|
|a DLC
|c DLC
|d BTCTA
|d UKM
|d C#P
|d BWX
|d CDX
|d YDXCP
|d BD-DhAAL
|
| 050 |
0 |
0 |
|a QA76.9.A73
|b S45176 2010
|
| 082 |
0 |
0 |
|a 004.22
|2 22
|
| 100 |
1 |
|
|a Seshan, Parameswaran.
|9 27639
|
| 245 |
1 |
0 |
|a Process-centric architecture for enterprise software systems /
|c Parameswaran Seshan.
|
| 260 |
|
|
|a Boca Raton :
|b Auerbach Publications,
|c c2010 [reprinted 2012]
|
| 300 |
|
|
|a xix, 313 pages :
|b illustrations ;
|c 25 cm.
|
| 490 |
0 |
|
|a Infosys Press
|
| 504 |
|
|
|a Includes bibliographical references (p. 305-308) and index.
|
| 505 |
0 |
|
|a Evolution of IT architecture -- Concept of process-centric architecture -- Business process management -- Components of PCA -- Process execution -- Benefits of process-centric architecture -- A typical manifestation of process-centric architecture -- SOA for services -- Standards and technologies -- Case study, architectural design applying PCA -- Implementation considerations.
|
| 526 |
|
|
|a CSE
|
| 541 |
|
|
|a Karim International
|e 33631
|
| 650 |
|
0 |
|a Computer architecture.
|9 27640
|
| 650 |
|
0 |
|a Information technology.
|x Management.
|9 27641
|
| 650 |
|
0 |
|a Computer science.
|9 42458
|
| 852 |
|
|
|a Ayesha Abed Library
|c General Stacks
|
| 942 |
|
|
|2 ddc
|c BK
|
| 952 |
|
|
|0 0
|1 0
|2 ddc
|4 0
|6 004_220000000000000_SES
|7 0
|9 64102
|a BRACUL
|b BRACUL
|c GEN
|d 2018-07-29
|e Karim International
|g 1269.00
|l 0
|o 004.22 SES
|p 3010033631
|r 2018-07-29
|t 1
|v 1269.00
|w 2018-07-29
|y BK
|